00933pam a2200265 a 45000010005000000030006000050050017000110080041000280100017000690200017000860350012001030400023001150500016001380820009001541000019001632450092001822600039002743000042003135050007003555200192003625210027005545210018005816500036005997000032006359289FISKH20251209103854.0851031s1986 nyua j b 001 1 eng  a 85027529  a071001002508 a1915756 aDLCcDLCdDLCbeng aPZ7.H3126 N a813 1 aHawes, Louise.10aNelson Malone meets the man from Mush-Nut /cLouise Hawes ; illustrated by Bert Dodson. aNew York :bLodestar Books,c1986. a116 pages : billustrations ; c20 cm aP  aFifth grader Nelson Malone borrows a giant talking snake from his neighborhood witch, converts his sister's doll to a homework machine, and becomes embroiled in other comic misadventures.8 a650 bLexile estimate 8 aP bRaz-Plus  1aHumorous stories.2chapter book1 aDodson, Bert,eillustrator